Statistiques concernant Les époux des souverains européens en 1975

Cliquez ici pour prendre le quiz!

Statistiques générales

  • Ce quiz a été pris 3 fois
  • Le résultat moyen est 2 sur 8

Statistiques - réponses

Epoux/épousesSouverains/Souveraines% Correct
Philip MoutbattenElisabeth II d'Angleterre
67%
Grace KellyRainier II de Monaco
67%
Fabiola de Mora y AragonBaudouin de Belgique
33%
Georgina von WilczekFrançois Joseph II de Liechtenstein
0%
Margrethe II de DanemarkHenri de Laborde de Monpezat
0%
Joséphine-Charlotte de BelgiqueJean de Luxembourg
0%
Bernhard de Lippe-BiesterfeldJuliana des Pays Bas
0%
Martha de Suède (+)Olav V de Suède
0%

Distribution des résultats

Percentile par nombre de réponses

% des personnes avec chaque résultat

Votre développement - résultats

Vous n’avez pas pris ce quiz